A furl of fairy wind and other highland tales

Saved in:
Bibliographic Details
Main Author: Hunter, Mollie, 1922-
Format: Audio Book
Language:English
Published: Edinburgh : Whigmaleerie Story Cassettes in association with the Scottish Library Association, c1985.
Series:Scottish talking books ; WHL 4
Subjects:
LEADER 01415nim a2200313 a 4500
001 c000190631
003 CARM
005 20060111114300.0
008 920403s1985 stk||n j op eng d
019 1 |a 41486859  |5 LACONCORD2021 
035 |a (OCoLC)225544134  |5 LACONCORD2021 
040 |a VCAV  |c VCAV 
100 1 |a Hunter, Mollie,  |d 1922- 
245 1 2 |a A furl of fairy wind and other highland tales  |h [sound recording] /  |c Mollie Hunter. 
246 3 4 |a Mollie Hunter reads her own stories :  |b a furl of wind and other highland tales 
246 3 2 |a Enchanted boy 
246 3 2 |a Hi Johnnie 
246 3 2 |a Brownie 
260 |a Edinburgh :  |b Whigmaleerie Story Cassettes in association with the Scottish Library Association,  |c c1985. 
300 |a 2 sound cassettes ;  |c in folder. 
440 0 |a Scottish talking books ;  |v WHL 4 
505 0 |a A furl of fairy wind / music by Bernard G. Shaw -- The enchanted boy / music by Bernard G. Shaw -- Hi Johnnie / music by Alan Tall -- The brownie / music by Alan Tall. 
508 |a Produced by Pam Wardell. 
651 0 |a Scotland  |v Juvenile fiction. 
650 0 |a Children's stories, Scottish. 
650 0 |a Fairy tales  |z Scotland. 
852 8 |b CARM  |h A2:AR01C0  |i F00398  |p 0273699  |f MU 
999 f f |i 8d31d9c5-7bf7-50c4-9d62-05c442cc2919  |s 5dedb5fa-d4eb-51a8-9c5d-2f678cbe6dc3 
952 f f |p Can circulate  |a CAVAL  |b CAVAL  |c CAVAL  |d CARM 1 Store  |e F00398  |f A2:AR01C0  |h Other scheme  |i sound recording  |m 0273699